Culture Générale - Série 2507 - Statistiques

Statistiques générales
  • Ce quiz a été pris 116 fois
  • Le résultat moyen est 5 sur 10
Statistiques - réponses
Question Réponse % Correct
De quelle ville de Californie Hollywood est-il un quartier ? Los Angeles
93%
Quel animal est appelé "merlu" ? poisson
88%
Quelle céréale entre dans la composition de la polenta ? maïs
83%
Se dit d'un mot, d'un vers, d'une phrase que l'on peut lire indifféremment de gauche à droite ou de droite à gauche (ex. Anna - Laval) palindrome
77%
Lutin des légendes scandinaves ou individu bête et méchant, qui aime générer des polémiques quelque soit le sujet de la conversation (sur internet).- voir photo troll
60%
Ce mot peut désigner : une plante potagère - un cor au pied - une montre - l'anus (argot) oignon
40%
Dans quel roman de 1912 s'affrontent les Longeverne et les Velrans La guerre des boutons
37%
Graisse, huile noircie par le frottement des organes d'une machine cambouis
31%
Quel mollusque marin est appelé oreille de mer ou truffe de mer ? ormeau
10%
Dans la mythologie grecque, qui est le père d'Enée ? Anchise
8%
Aucun quiz correspondant
Distribution des résultats
% des personnes avec chaque résultat
Percentile par nombre de réponses
Votre historique - résultats
Vous n’avez pas pris ce quiz